Problemas resueltos de sistemas de energía eléctrica
Saved in:
| Main Authors: | , , , , , |
|---|---|
| Format: | Book |
| Language: | Spanish |
| Published: |
Madrid
Thomson Editores Spain
2007
|
| Edition: | 1a. ed |
| Series: | Paso a Paso
|
| Subjects: | |
| Tags: |
Add Tag
No Tags, Be the first to tag this record!
|
MARC
| LEADER | 00000cam a2200000 a 4500 | ||
|---|---|---|---|
| 001 | UCE2520 | ||
| 003 | CL-VaPUC | ||
| 008 | 140710e20070000sp |||||||||||||||||spa|d | ||
| 020 | |a 9788497324083 | ||
| 082 | 0 | 4 | |a 621.31 |b RAM |2 21 |
| 100 | 0 | |a Ramírez Rosado, Ignacio J |e author |9 574983 | |
| 700 | 0 | |a Martínez Velasco, Juan A |e author |9 574984 | |
| 700 | 0 | |a Fuentes Moreno, Juan Alvaro |e author |9 574985 | |
| 700 | 0 | |a García Garrido, Eduardo |e author |9 574986 | |
| 700 | 0 | |a Fernández Jiménez, Luis Alfredo |e author |9 574987 | |
| 700 | 0 | |a Zorzano Santamaría, Pedro J |e author |9 574988 | |
| 245 | 1 | 0 | |a Problemas resueltos de sistemas de energía eléctrica |
| 250 | |a 1a. ed | ||
| 300 | |a 312 p | ||
| 942 | |c BK | ||
| 945 | |d 20140710 11:54:00 |a dcastane | ||
| 260 | |a Madrid |b Thomson Editores Spain |c 2007 | ||
| 650 | 0 | |a Sistemas de energía eléctrica |9 462427 | |
| 650 | 0 | |a Energía eléctrica |9 256678 | |
| 650 | 0 | |a Generación de energía eléctrica |9 345677 | |
| 583 | |a last modification |c 20140710 11:54:00 |k Rodrigo Vera | ||
| 490 | 0 | |a Paso a Paso | |
| 999 | |c 356110 |d 356108 | ||
| 952 | |0 0 |1 0 |2 ddc |3 erb |4 0 |6 621_310000000000000_RAM_2007 |7 0 |8 A |9 463243 |a BIBING |b BIBING |c RES |i 5088720 |o 621.31 RAM 2007 |p 5088720 |r 2025-01-20 |w 2019-11-23 |y BK |z Catalogado en:20140710 |k ING | ||
| 952 | |0 0 |1 0 |2 ddc |3 erb |4 0 |6 621_310000000000000_RAM_2007 |7 0 |8 A |9 463244 |a BIBING |b BIBING |c RES |i 5088739 |o 621.31 RAM 2007 |p 5088739 |r 2025-01-20 |w 2019-11-23 |y BK |z Catalogado en:20140710 |k ING | ||
| 952 | |0 0 |1 0 |2 ddc |3 erb |4 0 |6 621_310000000000000_RAM_2007 |7 0 |8 A |9 463245 |a BIBING |b BIBING |c RES |i 5088747 |o 621.31 RAM 2007 |p 5088747 |r 2025-01-20 |w 2019-11-23 |y BK |z Catalogado en:20140710 |k ING | ||